000 01547nam0a22003731 4500
001 RU\NLR\Evr\710
005 20260409002931.0
035 _a(NLR Aleph) 011417104
090 _a13649487
_c13649487
100 _a20061020d1940 u y0rusy50 ca
101 0 _ayid
102 _aRU
105 _aa ||j|||001yy
200 1 _aיידישע שפראכ
_dЕврейська мова
_eלערנבוכ פארנ 1 קלאס
_fפראפ. א. זארעצקי, א. געלבמאנ, כ. לויצקער
_zukr
210 _aקיעוו
_aלוואָוו
_cמעלוכע-פארלאג פאר די נאציאָנאלע מינדערהייטנ אינ אוסרר
_d1940
210 _aКиев
_aЛьвов
_cМелухе-фарлаг фар ди национале миндерхаитн ин усср
_d1940
215 _a91 с.
_cил.
_d22 см.
510 1 _aИдише шпрах
_zyid
541 1 _aЕврейский язык
_eКнига для чтения в первом классе
700 1 _aזארעצקי
_b
_4070
701 1 _aגעלבמאן
_b
_4070
701 1 _aГельбман
_bА.
_4070
701 1 _aלויצקער
_b
_4070
701 1 _aЛойцкер
_bХ.
_f1898-1970
_gХаим
_4070
790 1 _aЗарецький
_bА. И.
_f1891-1956
_gАйзик Израилевич
_4070
801 0 _aRU
_bNLR
_c20061020
_gpsbo
801 0 _aRU
_bNLR
_gPSBO
801 1 _aRU
_bNLR
_c20061020
_2rusmarc
801 2 _aRU
_bNLR
_c20070814
_2rusmarc
852 _aNLR
_bОЛСАА-идиш
_jМ-2427
942 _cBOOK
980 1 _aIDISH
980 _aNB